BIBLIOTECA PODER JUDICIAL
Portal Judicial TDF

Naturaleza jurídica del trabajo realizado por quienes están privados de su libertad / (Registro nro. 5928)

000 -LEADER
fixed length control field 01150nab a22002417a 4500
003 - CONTROL NUMBER IDENTIFIER
control field OSt
005 - DATE AND TIME OF LATEST TRANSACTION
control field 20260114010436.0
008 - FIXED-LENGTH DATA ELEMENTS--GENERAL INFORMATION
fixed length control field 190605e xxu||||| |||| 00| 0 spa d
040 ## - CATALOGING SOURCE
Transcribing agency PJ
100 ## - MAIN ENTRY--PERSONAL NAME
9 (RLIN) 5135
Personal name Gabet, Alejandro
245 10 - TITLE STATEMENT
Title Naturaleza jurídica del trabajo realizado por quienes están privados de su libertad /
Statement of responsibility, etc Alejandro Gabet.
260 ## - PUBLICATION, DISTRIBUTION, ETC. (IMPRINT)
Place of publication, distribution, etc Ciudad Autónoma de Buenos Aires :
Name of publisher, distributor, etc Thomson Reuters La Ley,
Date of publication, distribution, etc 2024.
300 ## - PHYSICAL DESCRIPTION
Extent p. 149-151
500 ## - GENERAL NOTE
General note Cita: TR LALEY AR/DOC/3037/2023.<br/><br/>
505 ## - FORMATTED CONTENTS NOTE
Title ¿Te interesa el texto completo? Solicitalo al correo: koha@justierradelfuego.gov.ar
505 ## - FORMATTED CONTENTS NOTE
Formatted contents note Fallo comentado: CNTrab., sala VIII ~ 02/11/2023 ~ Sindicato Unido de Trabajadores Privados de la Libertad Ambulatoria c. Ministerio de Trabajo, Empleo y Seguridad Social s/ Ley de Asoc. Sindicales.
650 #0 - SUBJECT ADDED ENTRY--TOPICAL TERM
9 (RLIN) 1316
Topical term or geographic name as entry element DERECHO LABORAL
650 #0 - SUBJECT ADDED ENTRY--TOPICAL TERM
9 (RLIN) 1461
Topical term or geographic name as entry element LIBERTAD SINDICAL
650 #0 - SUBJECT ADDED ENTRY--TOPICAL TERM
9 (RLIN) 1371
Topical term or geographic name as entry element PERSONERIA GREMIAL
650 #0 - SUBJECT ADDED ENTRY--TOPICAL TERM
9 (RLIN) 1367
Topical term or geographic name as entry element ASOCIACIONES SINDICALES
773 0# - HOST ITEM ENTRY
Host Biblionumber 2711
Host Itemnumber 3168
Place, publisher, and date of publication Ciudad Autónoma de Buenos Aires : Thomson Reuters La Ley, 1999-2002.
Title Revista de derecho del trabajo. Nº 1 - Enero 2024
942 ## - ADDED ENTRY ELEMENTS (KOHA)
Source of classification or shelving scheme
Koha item type Analítica Artículo de Revista

No hay ítems disponibles.

12 de Octubre 789 Ushuaia - Tel:  54(02901)441571
Horario de Atención: 8.00 a 17.00 hs. 
bibliotecaush@justierradelfuego.gov.ar
koha@justierradelfuego.gov.ar
Seguinos en nuestras redes @bibliojustdf 

Con tecnología Koha